00863cam a2200205 i 4500003000900000005001700009008004100026040003300067082001300100100008700113245009000200250003300290264010900323300002900432336003600461337003500497338002900532650004400561650005200605SA-RiAUC20250712142046.0250711s1997 su g 00010 ara c aSA-RiKSUbaracSA-RiAUCerda04a252.50831 aاللاحم، صالح بن عبد الله بن عبد الرحمنeمؤلف.10aمناسك الصبيان /cتأليف صالح بن عبد الله اللاحم. aالطبعة الأولى. 1aبريدة، السعودية :bدار أصداء المجتمع للنشر والتوزيع،c1997. a145 صفحة ؛c24 سم aنصbtxt2rdacontent3كتاب aبدون وسيطbn2rdamedia aمجلدbnc2rdacarrier 7aالحج (فقه إسلامي)2aucsh 7aالعبادات (فقه إسلامي)2aucsh